LEADER 01383nam a2200301 a 4500 001 000000152938 003 CaOOAMICUS 005 20220624132113.0 008 160715s1967 it u000 u ita r 032 $aLibriCat 040 $aPUL$bita 041 1 $aita$hfre 130 0 $aContrôle des naissances et théologie.$lItaliano.$0(OLS)http://pul/title/192376 245 10$aControllo delle nascite e teologia :$bil dossier di Roma /$cpresentato e commentato da J.M. Paupert ; edizione italiana a cura di Leandro Rossi. 260 $aBrescia :$bQueriniana,$c©1967. 300 $a189 p. ;$c21 cm. 490 1 $aProblemi di teologia pratica ;$v01 650 14$aContraccezione$xChiesa cattolica.$0(OLS)http://pul/subject/40801 700 1 $aPaupert, Jean-Marie,$d1927-$0(OLS)http://pul/name/30122 700 1 $aRossi, Leandro.$0(OLS)http://pul/name/13397 830 0$aProblemi di teologia pratica ;$v01.$0(OLS)http://pul/title/62779 850 $aPUL 852 $aPUL$W1$xDP1 Fondo G. Barberini$y122$m3 A 91$j157714$qFondi$B178453$CPULBib$Z2$F178453 $HBar2173 $81 941 1 $a1 961 $aNota ms. di possesso: Giovanni Barberini. 996 $6245$aControllo delle nascite e teologia :$bil dossier di Roma$9(OLS)http://pul/title/192377 996 $6260$aBrescia :$bQueriniana$9(OLS)http://pul/publisher/47906 LEADER 01497nam a2200313 a 4500 001 000000141796 003 CaOOAMICUS 005 20150216134043.0 008 150216s2014 it u000 u ita r 020 $a978-88-308-1410-3 040 $aPUL$bita 082 04$a241 100 1 $aBrogliato, Beatrice.$0(OLS)http://pul/name/91300 245 12$aL'amore omosessuale :$bsaggi di psicoanalisi, teologia e pastorale. In dialogo per una nuova sintesi /$cBeatrice Brogliato, Damiano Migliorini ; prefazione - parte teologica Giannino Piana ; prefazione - parte psicoanalitica Paolo Rigliano. 260 $aAssisi :$bCittadella,$c2014. 300 $a491 p. ;$c21 cm 504 $aBibliografia p. [457]-485. 650 4$aOmosessualità.$0(OLS)http://pul/subject/16263 700 1 $aMigliorini, Damiano.$0(OLS)http://pul/name/91301 700 1 $aPiana, Giannino,$d1939-2023.$0(OLS)http://pul/name/35581 700 1 $aRigliano, Paolo.$0(OLS)http://pul/name/66197 850 $aPUL 852 $aPUL$W1$xSL Religione 3$y85$m241 BROBE 1$j163656$qDDC 21$B163665$CPULBib$Z2$F163665 $H125385 $83 941 1 $a9 996 $6020$a978-88-308-1410-3$9(OLS)http://pul/number/156966 996 $6082$a241$9(OLS)http://pul/classification/246 996 $6245$aL'amore omosessuale :$bsaggi di psicoanalisi, teologia e pastorale. In dialogo per una nuova sintesi$9(OLS)http://pul/title/179460 996 $6260$aAssisi :$bCittadella$9(OLS)http://pul/publisher/49668